000 00503nam a2200157 i 4500
001 111298
003 ES-MaACL
005 20230906185259.0
007 t|
008 061121s1972 sp r ||||1| spa d
100 1 _aOliva Martín, Anastasio.
_986739
245 1 0 _aDulcinea en el corazón y en la palabra de Don Quijote
_b: (florilegio de endechas y figuraciones) /
_cAnastasio Oliva Martín.
260 _aToledo :
_bGómez Menor,
_c1972.
300 _a63 p. ;
_c22 cm.
852 _aES-MaACL
_jC-51323
999 _c111298
_d111298